000 01185nmm a2200325 a 4500
001 ocm0001864804
003 TR-IsHL
005 20201028172120.0
008 180428s2014 tu kaz
007 cr cn
020 _a9786055688899
035 _a1864804
_b(N$T)
050 0 4 _aPL65.K59
_bC86 2014
090 0 4 _aPL65.K59
_bC86 2014
100 1 _aCumakunova, Gülzura
245 1 0 _aToktogul: şiirlerle örülen, nağmelere dökülen ömür: armağan
_h[electronic resource] /
_cGülzura Cumakunova ; editör Yakup Ömeroğlu ; Kırgızcadan Kazakçaya çeviren ТеБeгeнoв Tемıpxaн Сaкaүльı
250 _aBirinci basım
260 _aİstanbul :
_bAkademik Kitaplar,
_c2014
300 _a318 p.
500 _aKaynakça var.
_x
650 4 _aDil ve Edebiyat
650 4 _aLanguage and Literature
650 0 _aSatylganov, Toktogul, 1864-1933
650 0 _aArmağan kitaplar
650 0 _aGift books
650 7 _aPOETRY / Middle Eastern
_2bisacsh
700 1 _aÖmeroğlu, Yakup
700 1 _aСaкaүльı, ТеБeгeнoв Tемıpxaн
856 4 0 _uhttp://search.ebscohost.com/login.aspx?direct=true&scope=site&db=e011xww&AN=1864804
999 _c17040
_d17040